Welcome to the Holygrace Academy Library

Please use search bar below to get started

THE HARDY BOYS - RUNNING ON FUMES (Record no. 7764)

MARC details
000 -LEADER
fixed length control field 00645nam a22001457a 4500
020 ## - INTERNATIONAL STANDARD BOOK NUMBER
ISBN 978-1-4169-0003-0
082 ## - DEWEY DECIMAL CLASSIFICATION NUMBER
Classification number 823
Item number DIX/H
100 ## - MAIN ENTRY--AUTHOR NAME
Personal name DIXON, FRANKLIN W
245 ## - TITLE STATEMENT
Title THE HARDY BOYS - RUNNING ON FUMES
260 ## - PUBLICATION, DISTRIBUTION, ETC. (IMPRINT)
Place of publication NEW YORK
Name of publisher ALADDIN PAPERBACKS
Year of publication 2005
300 ## - PHYSICAL DESCRIPTION
Number of Pages 150
520 ## - SUMMARY, ETC.
Summary, etc (American Teens Against Crime) agents Frank and Joe Hardy are trapped on the 22nd floor of a burning office building. Once they get out of that one, they're sent on a new mission, to investigate a suspected ecoterrorist named Arthur Stench, who runs the Heaven compound in the California desert.
650 ## - SUBJECT ADDED ENTRY--TOPICAL TERM
Topical Term MYSTERY STORY
Geographic subdivision UNITED STATES
942 ## - ADDED ENTRY ELEMENTS (KOHA)
Koha item type Books
Holdings
Withdrawn status Lost status Collection code Home library Current library Shelving location Date acquired Source of acquisition Cost, normal purchase price Full call number Accession Number Koha item type
    Fiction Main Library Main Library NEW SHELF WITH NEW ENTRY 20/11/2023 purchase 250.00 823 DIX/H 13382 Books